The Blackwell encyclopedic dictionary of operations management

Αποθηκεύτηκε σε:
Λεπτομέρειες βιβλιογραφικής εγγραφής
Άλλοι συγγραφείς: Slack, Nigel (Επιμελητής έκδοσης)
Μορφή: Βιβλίο
Γλώσσα:English
Δημοσίευση: Cambridge, Mass : Blackwell Publishers, c1997.
Θέματα:
Ετικέτες: Προσθήκη ετικέτας
Δεν υπάρχουν, Καταχωρήστε ετικέτα πρώτοι!

MARC

LEADER 00000cam a2200000 i 4500
001 1/15511
008 000821s1997 enk ||| | eng||
020 |a 1557869057 
035 |l 10065434 
040 |a GR-MY-UA  |b gre  |e aacr 
041 0 |a eng 
082 0 |a 658.5003  |2 (21) 
245 1 4 |a The Blackwell encyclopedic dictionary of operations management /   |c edited by Nigel Slack.  
260 |a Cambridge, Mass :   |b Blackwell Publishers,   |c c1997.  
300 |a viii, 256 σ. :   |b εικ. ;   |c 24 εκ.  
504 |a Περιέχει βιβλιογραφικές αναφορές και ευρετήριο.  
650 0 0 |a Production management  |x Dictionaries. 
700 1 |a Slack, Nigel,  |e edt 
852 |a INST  |b SAMOS  |e 20000821  |h 658.5003 BLA  |p 005300019002  |q 005300019002  |t REF  |y 23 
852 |a INST  |b SAMOS  |e 20000821  |h 658.5003 BLA  |p 005300019444  |q 005300019444  |t REF  |y 23 
852 |a INST  |b SAMOS  |e 20000821  |h 658.5003 BLA  |p 005300019445  |q 005300019445  |t REF  |y 23 
852 |a INST  |b SAMOS  |e 20000821  |h 658.5003 BLA  |p 005300019446  |q 005300019446  |t REF  |y 23 
852 |a INST  |b SAMOS  |e 20000821  |h 658.5003 BLA  |p 005300019447  |q 005300019447  |t REF  |y 23 
852 |a INST  |b SAMOS  |e 20000821  |h 658.5003 BLA  |p 005300019548  |q 005300019548  |t REF  |y 23 
852 |a INST  |b SAMOS  |e 20000821  |h 658.5003 BLA  |p 005300019549  |q 005300019549  |t REF  |y 23 
852 |a INST  |b SAMOS  |e 20000821  |h 658.5003 BLA  |p 005300019550  |q 005300019550  |t REF  |y 23 
852 |a INST  |b SAMOS  |e 20000821  |h 658.5003 BLA  |p 005300019554  |q 005300019554  |t REF  |y 23 
852 |a INST  |b SYROS  |e 20000821  |h 658.5003 BLA  |p 005500000385  |q 005500000385  |t REF  |y 23 
852 |a INST  |b SYROS  |e 20010122  |h 658.5003 BLA  |p 005500001568  |q 005500001568  |t REF  |y 23 
901 |a BIBL5-2001-1 
901 |a BIBL3-2000-2 
909 |a Ε  |b 084351 
909 |a Ε  |b 079215 
909 |a Σ  |b 079175 
909 |a Σ  |b 079177 
909 |a Σ  |b 079176 
909 |a Σ  |b 079173 
909 |a Σ  |b 079174 
909 |a Σ  |b 079216 
909 |a Σ  |b 079219 
909 |a Σ  |b 079218 
909 |a Σ  |b 079217 
922 |a 5ΕΛΗ  |b 200012  |c ΓΡΑΦΙΚΩΝ ΤΕΧΝΩΝ  |d ΜΙΧΑΛΟΠΟΥΛΟΣ 
922 |a 3ΕΛΗ  |b 200002  |c ΤΠΕΣ/ΠΟΛ  |d LEADER 
922 |a 5ΕΛΗ  |b 200002  |c ΤΠΕΣ/ΠΟΛ  |d LEADER 
950 |a 188-2000-10-04 
970 |a ΚΟΝΤΟΥ  |b ΠΑΡΑΣΚΕΥΗ  |z 2001/02/01 
970 |a ΜΑΛΑΓΑΡΗ  |b ΦΩΤΕΙΝΗ  |z 2000/08/21